Inside RAW : (Record no. 522684)
[ view plain ]
| 000 -LEADER | |
|---|---|
| fixed length control field | 00844cam a2200277 a 4500 |
| 001 - CONTROL NUMBER | |
| control field | 913791 |
| 003 - CONTROL NUMBER IDENTIFIER | |
| control field | NUST |
| 005 - DATE AND TIME OF LATEST TRANSACTION | |
| control field | 20190102043144.0 |
| 008 - FIXED-LENGTH DATA ELEMENTS--GENERAL INFORMATION | |
| fixed length control field | 820928s1981 ii b 000 0 eng |
| 010 ## - LIBRARY OF CONGRESS CONTROL NUMBER | |
| LC control number | 81900595 |
| 020 ## - INTERNATIONAL STANDARD BOOK NUMBER | |
| International Standard Book Number | 0706912993 : |
| Terms of availability | Rs35.00 |
| 038 ## - RECORD CONTENT LICENSOR | |
| Staff Name | waseem |
| 040 ## - CATALOGING SOURCE | |
| Original cataloging agency | DLC |
| Transcribing agency | DLC |
| Modifying agency | DLC |
| 043 ## - GEOGRAPHIC AREA CODE | |
| Geographic area code | a-ii--- |
| 050 10 - LIBRARY OF CONGRESS CALL NUMBER | |
| Classification number | JQ229.I6 |
| Item number | R34 |
| 082 00 - DEWEY DECIMAL CLASSIFICATION NUMBER | |
| Classification number | 327.120954 |
| Author Mark | RAI |
| 100 1# - MAIN ENTRY--PERSONAL NAME | |
| Personal name | Raina, Asoka, |
| Dates associated with a name | 1942- |
| 9 (RLIN) | 12832 |
| 245 10 - TITLE STATEMENT | |
| Title | Inside RAW : |
| Remainder of title | the story of India's secret service / |
| Statement of responsibility, etc. | Asoka Raina. |
| 260 ## - PUBLICATION, DISTRIBUTION, ETC. | |
| Place of publication, distribution, etc. | New Delhi : |
| Name of publisher, distributor, etc. | Vikas, |
| Date of publication, distribution, etc. | 1981. |
| 300 ## - PHYSICAL DESCRIPTION | |
| Extent | vii, 114 p. ; |
| Dimensions | 23 cm. |
| 504 ## - BIBLIOGRAPHY, ETC. NOTE | |
| Bibliography, etc. note | Bibliography: p. 113-114. |
| 610 10 - SUBJECT ADDED ENTRY--CORPORATE NAME | |
| Corporate name or jurisdiction name as entry element | India. |
| Subordinate unit | Cabinet Secretariat. |
| -- | Research and Analysis Wing. |
| 9 (RLIN) | 12833 |
| 650 #0 - SUBJECT ADDED ENTRY--TOPICAL TERM | |
| Topical term or geographic name entry element | Intelligence service |
| Geographic subdivision | India. |
| 9 (RLIN) | 12834 |
| 906 ## - LOCAL DATA ELEMENT F, LDF (RLIN) | |
| a | 7 |
| b | cbc |
| c | orignew |
| d | 4 |
| e | ncip |
| f | 19 |
| g | y-gencatlg |
| 942 ## - ADDED ENTRY ELEMENTS (KOHA) | |
| Source of classification or shelving scheme | |
| Koha item type | Book |
| Withdrawn status | Lost status | Source of classification or shelving scheme | Damaged status | Not for loan | Collection code | Permanent Location | Current Location | Shelving location | Date acquired | Source of acquisition | Full call number | Barcode | Date last seen | Price effective from | Koha item type |
|---|---|---|---|---|---|---|---|---|---|---|---|---|---|---|---|
| NUST Law School (NLS) | NUST Law School (NLS) | Book Cart | 01/02/2019 | Donation | 327.120954 RAI | CL-D-234 | 01/02/2019 | 01/02/2019 | Book |
